| 000 | 01966cam a22004337i 4500 | ||
|---|---|---|---|
| 001 | data | ||
| 005 | 20260322212113.0 | ||
| 008 | data | ||
| 035 | _a18818095 | ||
| 906 |
_a7 _bcbc _cpccadap _d2 _encip _f20 _gy-gencatlg |
||
| 925 | 0 |
_aacquire _b1 shelf copy _xpolicy default |
|
| 955 | _wxm06 2016-10-26 | ||
| 010 | _a 2015954963 | ||
| 020 | _a9781493934645 | ||
| 020 | _a1493934643 | ||
| 020 | _z9781493934669 (eBook) | ||
| 035 | _a(OCoLC)922910994 | ||
| 040 |
_aBTCTA _beng _cBTCTA _erda _dDLC _dHTM _dOCLCO _dOCLCF _dOCLCO _dOCLCQ _dOWS _dDGU _dOCL _dDLC |
||
| 050 | 0 | 0 |
_aHB71 _b.C482 2016 |
| 082 | 0 | 0 |
_a330.01 _223 |
| 100 | 1 |
_aChen, Jing, _d1966- _eauthor. |
|
| 245 | 1 | 4 |
_aThe unity of science and economics : _ba new foundation of economic theory / _cJing Chan. |
| 264 | 1 |
_aNew York : _bSpringer, _c[2016] |
|
| 264 | 4 | _c©2016 | |
| 300 |
_axvi, 136 pages : _billustrations ; _c24 cm |
||
| 336 |
_atext _btxt _2rdacontent |
||
| 337 |
_aunmediated _bn _2rdamedia |
||
| 338 |
_avolume _bnc _2rdacarrier |
||
| 504 | _aIncludes bibliographical references (pages 127-136). | ||
| 505 | 0 | _aMajor factors in biological and social systems -- Resource and technology -- Production : a mathematical theory -- Languages and cultures : an economic analysis -- The entropy theory of mind -- The entropy theory of value : a mathematical theory -- Epilogue : pioneer species and climax species. | |
| 650 | 0 | _aEconomics. | |
| 650 | 0 | _aEconomics, Mathematical. | |
| 650 | 7 |
_aEconomics. _2fast _0(OCoLC)fst00902116 |
|
| 650 | 7 |
_aEconomics, Mathematical. _2fast _0(OCoLC)fst00902260 |
|
| 856 | 4 | 2 |
_3Publisher description _uhttps://www.loc.gov/catdir/enhancements/fy1618/2015954963-d.html |
| 856 | 4 | 1 |
_3Table of contents only _uhttps://www.loc.gov/catdir/enhancements/fy1618/2015954963-t.html |
| 963 | _aRanjitha; phone: (+91) 044-42197750; email: [email protected]; bc: [email protected] | ||
| 999 |
_c1703 _d1703 |
||